00666nam a2200241 a 4500001001300000003000900013005001700022008004100039020000900080082001600089100002100105245002000126260003600146300000900182500003500191505000900226650001900235700002100254902000800275942000700283952011700290999001700407nice12345678IN_TiNIC20260116015218.0050524s1987 dela grp 000 0 urd  ac1300a297.24bKHA aKhan, Ahmad Raza aKhatm-E-Nabuwat aDelhibMahal Publicationsc1987 a111p aincludes index and biblioraphy2 a550p aIslam-Prophecy1 aKhan, Ahmad Raza bSRS cBK 001040708StackRoom-aHMIbHMId2007-07-18g13.00l0o297.24 KHAp11000110r2007-07-18v13.00w2005-05-24yBK c18783d18783